000 00684nam a2200277Ia 4500
005 20260324121112.0
008 008 260324s9999 xx 000 0 eng d
020 _a9781315819464
037 _aEBOOK
040 _aCRL
040 _beng
040 _cCRL
041 _2eng
041 _aeng
084 _qCRL
100 _aGilbert Faccarello; Masashi Izumo
_91161197
245 4 _aThe Reception of David Ricardo in Continental Europe and Japan
260 _bTaylor and Francis
260 _c2014
365 _a
365 _b240
856 _uhttp://www.taylorfrancis.com/books/9781315819464
942 _cEBOOK
999 _c1753086
_d1753086